| 000 | 00699 a2200181 4500 | ||
|---|---|---|---|
| 999 |
_c10475 _d10475 |
||
| 020 | _a9780820356884 | ||
| 050 | _aHD9711. HUD 2015 | ||
| 100 |
_aHudson, Harry L., _d1925-2003 _eauthor |
||
| 245 |
_a Working for equality : _b the narrative of Harry Hudson / _cHarry Hudson; edited by Randall L Patton |
||
| 264 |
_aAthens : _bUniversity of Georgia Press, _c2015. |
||
| 300 | _a1 online resource, 246 pages. | ||
| 500 | _aIncludes index | ||
| 650 | _a Hudson, Harry L., -- 1925-2003 | ||
| 650 | _aLockheed-Georgia Company -- Employees -- Biography. | ||
| 650 | _a African American supervisors -- Georgia -- Biography. | ||
| 700 |
_aPatton, Randall, L _eeditor |
||
| 942 |
_2lcc _cBK _h9711 _iHUD _kHD |
||